Arzén vo vodách a metódy jeho odstránenia

Gespeichert in:
Bibliographische Detailangaben
1. Verfasser: Dominiková, Anna
Format: Buch
Sprache:Slowakisch
Veröffentlicht: Bratislava STU FCHPT 2012
Online-Zugang:Im OPAC anzeigen
Tags: Tag hinzufügen
Keine Tags, Fügen Sie das erste Tag hinzu!

MARC

LEADER 00000nam a2200000 a 4500
005 20260127134325.0
008 120828 2012 xo 000 0 slo d
035 |a vtls010444846 
039 9 |y 201208281040  |z mschk03 
040 |a STUSCHK1  |b slo  |c STUSCHK1  |e AACR2 
100 1 |a Dominiková, Anna 
245 1 |a Arzén vo vodách a metódy jeho odstránenia  |c Anna Dominiková 
260 |a Bratislava  |b STU FCHPT  |c 2012 
300 |a 28 s.  |b il.  |c 30cm 
500 |a Obháj.: 9.7. 2012 
500 |a Študijný program: chémia a medicínska chémia 
500 |a Študijný odbor: 4.1.14 chémia 
500 |a Miesto vypracovania: Oddelenie environmentálneho inžinierstva, FCHPT STU 
500 |a Evidenčné číslo: FCHPT-5427-68520 
500 |a Bakalárska práca 
910 |a SCHK95 
999 |c 9835  |d 9835